| 000 | 00702cab a2200229 4500 | ||
|---|---|---|---|
| 001 | ABS54276 | ||
| 008 | 090401t1996 xxu||||| |||| 00| 0 eng d | ||
| 035 | _a(Sirsi) u9483 | ||
| 041 | _aeng | ||
| 100 | _aDavis, A. | ||
| 245 | _aBuilding control officer: planning for fire protection | ||
| 260 | _c1996 | ||
| 350 | _a0 | ||
| 490 |
_aBuilding Services _v18(2) February 1996, 29(1) |
||
| 520 | _aReviews fire protection strategies, the problems surrounding smoke control and the use of pre-action sprinkler systems. | ||
| 650 | _aFIRE PROTECTION | ||
| 650 | _aPRE-ACTION SPRINKLER SYSTEMS | ||
| 650 | _aSMOKE CONTROL | ||
| 690 |
_aBlock management _96220 |
||
| 942 | _n0 | ||
| 948 | _c04/03/1997 | ||
| 999 |
_c5929 _d5929 |
||